| 000 | 00590cab a2200193 4500 | ||
|---|---|---|---|
| 001 | ABS38943 | ||
| 008 | 090401t1988 xxu||||| |||| 00| 0 eng d | ||
| 035 | _a(Sirsi) u13453 | ||
| 041 | _aeng | ||
| 100 | _aBond, R. | ||
| 245 | _aPermission for sale | ||
| 260 | _c1988 | ||
| 350 | _a0 | ||
| 490 |
_aSurveyor _v169(4985) 10 March 1988, 12-15(4) |
||
| 520 | _aReports on the use of planning gain by some local authorities to provide public facilities and other benefits, with particular reference to London . | ||
| 690 | _aPLANNING LAW AND PRACTICE | ||
| 942 | _n0 | ||
| 948 | _c04/03/1997 | ||
| 999 |
_c8671 _d8671 |
||